[Event "Santa Rosa Villarreal Memorial 29th"]
[Site "Santa Rosa"]
[Date "2023.12.09"]
[Round "5"]
[White "Alfonso, Felipe"]
[Black "Ranalli, Emanuel Eduardo"]
[Result "1/2-1/2"]
[WhiteElo "1631"]
[BlackElo "1725"]
[PlyCount "40"]
[EventDate "2023.12.08"]
[EventType "swiss"]
[EventRounds "7"]
[EventCountry "ARG"]
[SourceTitle "CB51_2023"]
[SourceDate "2023.12.20"]
[SourceVersion "1"]
[SourceVersionDate "2023.12.20"]
[SourceQuality "1"]

1. e4 e6 2. Nc3 d5 3. exd5 exd5 4. d4 Nf6 5. Bg5 Be7 6. Nf3 0-0 7. Bd3 Re8 8. 0-0 h6 9. Bh4 Bg4 10. h3 Bh5 11. Re1 Nc6 12. Be2 Ne4 13. Bxe7 Rxe7 14. a3 Nxc3 15. bxc3 Bxf3 16. Bxf3 Rxe1+ 17. Qxe1 Qe7 18. Qe2 a6 19. Re1 Rd8 20. Bg4 Qd6 1/2-1/2